[Event "Gibraltar Masters 2019"]
[Site "Caleta ENG"]
[Date "2019.01.22"]
[Round "1.29"]
[White "Sidhant,M"]
[Black "Indjic,A"]
[Result "1/2-1/2"]
[WhiteElo "2344"]
[BlackElo "2630"]

1.e4 e5 2.Nf3 Nc6 3.Bc4 Nf6 4.d3 h6 5.c3 d6 6.a4 g6 7.a5 a6 8.O-O Bg7 9.b4 O-O
10.Qb3 Ne7 11.Re1 g5 12.Nbd2 Ng6 13.Nf1 g4 14.N3d2 Nf4 15.Ne3 h5 16.d4 Nh7
17.dxe5 Bxe5 18.Ndf1 Ng5 19.Nf5 Qf6 20.Bxf4 Bxf4 21.Qc2 Bxf5 22.exf5 Rfe8
23.Ng3 Bxg3 24.hxg3 Re5 25.Rxe5 Qxe5 26.Bd3 Re8 27.Qd2 f6 28.Kf1 Kf8 29.Re1 Qd5
30.Rxe8+ Kxe8 31.Qe3+ Kd7 32.c4 Qe5 33.Qxe5 fxe5 34.Ke2 Nh7 35.Ke3 Nf6 36.f4 c6
37.fxe5 dxe5 38.Be4  1/2-1/2

[Event "Gibraltar Masters 2019"]
[Site "Caleta ENG"]
[Date "2019.01.22"]
[Round "1.28"]
[White "Iturrizaga,E"]
[Black "Kulon,K"]
[Result "1-0"]
[WhiteElo "2637"]
[BlackElo "2347"]

1.d4 Nf6 2.c4 g6 3.Nc3 Bg7 4.g3 O-O 5.Bg2 d6 6.e4 e5 7.Nge2 exd4 8.Nxd4 a6
9.O-O c5 10.Nb3 Be6 11.e5 dxe5 12.Qxd8 Rxd8 13.Nxc5 Nc6 14.Nxb7 Rdc8 15.b3 Bf8
16.Bg5 Kg7 17.Rad1 Bb4 18.Na4 Rc7 19.Bxc6 Rxc6 20.Nd8 Rc7 21.Nxe6+ fxe6 22.Bc1 Kf7
23.Bb2 Nd7 24.Rd3 Rf8 25.Re3 Ke7 26.Rd1 Rf5 27.Kg2 h5 28.a3 Bd6 29.Red3 Rc6
30.b4 Nf6 31.c5 Bc7 32.R3d2 h4 33.Re2 g5 34.Rde1 Nd7 35.g4 Rf4 36.h3 Kf6
37.Nc3 Kg6 38.Ne4 Bd8 39.Rd1 Rf7 40.Nd6 Rh7 41.Nc4 Bf6 42.Red2 Rc7 43.Rd6  1-0

[Event "Gibraltar Masters 2019"]
[Site "Caleta ENG"]
[Date "2019.01.22"]
[Round "1.27"]
[White "Karim,I"]
[Black "Alekseenko,K"]
[Result "0-1"]
[WhiteElo "2347"]
[BlackElo "2637"]

1.e4 c5 2.Nf3 d6 3.d4 Nf6 4.Nc3 cxd4 5.Nxd4 Bd7 6.Bg5 e6 7.Qd2 a6 8.f4 h6
9.Bh4 Nxe4 10.Nxe4 Qxh4+ 11.g3 Qd8 12.O-O-O d5 13.Nf2 Nc6 14.Ng4 Bd6 15.Nf3 Qc7
16.Kb1 O-O-O 17.Bg2 Kb8 18.Rhe1 Rc8 19.Nge5 Nxe5 20.Nxe5 Ba4 21.Rc1 Rhd8
22.Bh3 Be8 23.Qe3 Bc5 24.Qb3 Rd6 25.Nd3 Bd4 26.c3 Bf6 27.Ne5 Rb6 28.Qd1 Be7
29.Ka1 Bd6 30.Nf3 g6 31.Qd4 Rb4 32.Qd2 Re4 33.Nd4 Rxe1 34.Rxe1 Bd7 35.Nf3 Rg8
36.Qd4 g5 37.Ne5 Bc8 38.fxg5 hxg5 39.Bg2 Bc5 40.Qd2 Rh8 41.Bf3 Bd6 42.Ng4 f5
43.Ne3 f4 44.Ng4 fxg3 45.hxg3 Bxg3 46.Rg1 Bf4 47.Qd4 Rh3 48.Qd1 Qc5 49.Rf1 e5
50.Nf2 Rh2 51.Nd3 Qb6 52.Bxd5 Rd2 53.Qf3 Bf5  0-1

[Event "Gibraltar Masters 2019"]
[Site "Caleta ENG"]
[Date "2019.01.22"]
[Round "1.26"]
[White "Anton Guijarro,D"]
[Black "Doluhanova,E"]
[Result "1-0"]
[WhiteElo "2642"]
[BlackElo "2348"]

1.Nf3 Nf6 2.c4 e6 3.g3 b6 4.Bg2 Bb7 5.O-O Be7 6.d3 O-O 7.e4 c5 8.Nc3 Nc6
9.d4 cxd4 10.Nxd4 Nxd4 11.Qxd4 Qc8 12.b3 Rd8 13.Bb2 Bc6 14.Rac1 Ne8 15.Rfd1 Bf6
16.Qe3 Rb8 17.Nd5 exd5 18.Bxf6 Nxf6 19.cxd5 Qa6 20.dxc6 dxc6 21.Rxd8+ Rxd8
22.e5 Nd5 23.Bxd5 cxd5 24.e6 Qb7 25.Qf4 Qe7 26.Qxf7+ Qxf7 27.exf7+ Kxf7 28.Rc7+ Kf6
29.Rxa7 d4 30.Kf1 d3 31.Ke1 Re8+ 32.Kd2 Re2+ 33.Kxd3 Rxf2 34.a4 Rxh2 35.Rb7 Rg2
36.Rxb6+ Ke5 37.Rb5+ Kd6 38.Rg5 g6 39.a5 Kc6 40.b4 Rb2 41.Rc5+ Kd6 42.Kc4 Rg2
43.a6 Rc2+ 44.Kb5 Rxc5+ 45.bxc5+ Kc7 46.c6  1-0

[Event "Gibraltar Masters 2019"]
[Site "Caleta ENG"]
[Date "2019.01.22"]
[Round "1.25"]
[White "Taylor,Adam C"]
[Black "Edouard,R"]
[Result "0-1"]
[WhiteElo "2356"]
[BlackElo "2643"]

1.e4 c5 2.Nf3 Nc6 3.Bb5 g6 4.Bxc6 dxc6 5.O-O Bg7 6.Re1 e5 7.d3 h6 8.a3 a5
9.Be3 b6 10.Nbd2 a4 11.b4 Ne7 12.bxc5 b5 13.Nf1 Bg4 14.h3 Bxf3 15.Qxf3 O-O
16.Qe2 f5 17.f3 g5 18.c3 f4 19.Bf2 Ra7 20.Rad1 Rd7 21.Qa2+ Kh8 22.Re2 h5
23.Nh2 Rxd3 24.Red2 Rxd2 25.Rxd2 Qe8 26.Qe6 Nc8 27.Qxe8 Rxe8 28.Rd7 Kg8 29.Kf1 Bf6
30.Ke2 Rd8 31.Rc7 Ne7 32.Nf1 Kf7 33.Nd2 Ke6 34.Rb7 Rg8 35.c4 bxc4 36.Nxc4 g4
37.hxg4 hxg4 38.Rb1 g3 39.Be1 Rh8 40.Bb4 Rh2 41.Rg1 Ng6 42.Kf1 Nh4 43.Nb6 Nxf3
44.gxf3 Rf2+ 45.Ke1 Bh4 46.Kd1 Rxf3 47.Nc4 Rf2 48.Be1 Ra2 49.Kc1 Re2 50.Nd2 Re3
51.Kb2 Be7  0-1

[Event "Gibraltar Masters 2019"]
[Site "Caleta ENG"]
[Date "2019.01.22"]
[Round "1.23"]
[White "Gavilan Diaz,M"]
[Black "Short,N"]
[Result "0-1"]
[WhiteElo "2357"]
[BlackElo "2648"]

1.e4 e5 2.Nf3 Nc6 3.Bb5 a6 4.Ba4 Nf6 5.O-O Be7 6.Re1 b5 7.Bb3 d6 8.c3 O-O
9.h3 Nb8 10.d4 Nbd7 11.Nbd2 Bb7 12.Bc2 c5 13.d5 g6 14.a4 c4 15.b4 cxb3 16.Nxb3 Qc7
17.Bd2 bxa4 18.Rxa4 Nb6 19.Ra2 Nc4 20.Bd3 Rfb8 21.Qe2 Nxd2 22.Nfxd2 Nh5 23.g3 a5
24.Rea1 Qxc3 25.Nxa5 Bf8 26.Ndc4 Bc8 27.Ra3 Qd4 28.Kg2 Bd7 29.Qc2 f5 30.exf5 Nf6
31.fxg6 Qxd5+ 32.Kh2 Qe6 33.gxh7+ Kh8 34.Ne3 Qxh3+ 35.Kg1 d5 36.Rb3 Rc8 37.Qb2 d4
38.Nec4 Ng4 39.Be4 Bc5 40.Bg2 Qh2+ 41.Kf1 Rf8 42.Rf3 Rxf3 43.Bxf3 Rf8  0-1

[Event "Gibraltar Masters 2019"]
[Site "Caleta ENG"]
[Date "2019.01.22"]
[Round "1.22"]
[White "Melkumyan,H"]
[Black "Belenkaya,D"]
[Result "1-0"]
[WhiteElo "2660"]
[BlackElo "2357"]

1.e4 c6 2.d4 d5 3.exd5 cxd5 4.Nf3 Nc6 5.c3 Nf6 6.Bf4 Bg4 7.Qb3 Qc8 8.Nbd2 e6
9.Bd3 Be7 10.O-O O-O 11.Rae1 Bh5 12.Qc2 Bg6 13.Bxg6 hxg6 14.Qd3 a6 15.Ng5 Nh5
16.Qh3 Re8 17.Ndf3 b5 18.Bc1 Bxg5 19.Bxg5 f6 20.Be3 e5 21.g4 exd4 22.Nxd4 Ne5
23.f3 Nd3 24.Qh4 Nhf4 25.Bxf4 Nxe1 26.Rxe1 g5 27.Rxe8+ Qxe8 28.Bxg5 fxg5
29.Qxg5 Qf7 30.Kf2 Re8 31.h4 Kh8 32.a3 Kh7 33.h5 Kh8 34.Kf1 Re7 35.Qf5 Qe8
36.h6 gxh6 37.Qf6+ Kh7 38.Kf2 Re5 39.Qf4 Qe7 40.Kg3 Rg5 41.Kf2 Re5 42.Kg2 Qg5
43.Qf8 h5 44.Kg3 Qg7 45.Qf4 hxg4 46.Nf5 Qf6 47.fxg4 Re4 48.Qd2 Qg6 49.Qh2+ Kg8
50.Qh4 Kf7 51.Kh3 Ke8 52.Kg3 Kd7 53.Kh3 a5 54.Kg3 b4 55.axb4 axb4 56.Kh3 Re2
57.Kg3 b3 58.Kf3 Re4 59.Kg3 Kc7 60.Kh3 Kb7 61.Qh5 Qe6 62.Qh7+ Kb6 63.Qh8 Kc7
64.Qg7+ Qd7 65.Qf8 Rc4 66.Qa3 Kd8 67.Qa5+ Rc7 68.Qb4 Rc4 69.Qb6+ Rc7 70.Qb8+ Rc8
71.Qxb3 Qh7+ 72.Kg2 Qd7 73.Qb6+ Rc7 74.Qb8+ Rc8 75.Qb6+ Rc7 76.Kg3 Qh7 77.Qd6+ Qd7
78.Qf8+ Qe8 79.Qf6+ Kd7 80.Qd6+ Kc8 81.Qa6+ Kd7 82.Qb5+ Rc6 83.Qxd5+ Kc7
84.Kf4 Kb6 85.Qd4+ Ka6 86.Qa4+ Kb6 87.Qd4+ Ka6 88.Qd3+ Ka5 89.Qd5+ Ka6 90.Kf3 Kb6
91.Qd2 Qa8 92.Qd4+ Kc7 93.Qf4+ Kb6 94.Kg3 Qa1 95.Qe3+ Kb7 96.Nd4 Rb6 97.b4 Qd1
98.b5 Qh1 99.Qe7+ Kc8 100.Qe8+ Kc7 101.Ne6+ Kd6 102.Qd8+ Ke5 103.Qxb6 Qe1+
104.Qf2 Qxc3+ 105.Qf3 Qe1+ 106.Kh3 Kxe6 107.b6 Kd7 108.b7 Kc7 109.Qg3+ Qxg3+
110.Kxg3 Kxb7 111.Kf4 Kc7 112.Kf5 Kd7 113.Kf6 Ke8 114.g5 Kf8 115.g6 Kg8 116.g7  1-0

[Event "Gibraltar Masters 2019"]
[Site "Caleta ENG"]
[Date "2019.01.22"]
[Round "1.21"]
[White "Hoolt,S"]
[Black "Sethuraman,S"]
[Result "0-1"]
[WhiteElo "2358"]
[BlackElo "2665"]

1.e4 c5 2.Nf3 Nc6 3.Bb5 g6 4.Bxc6 dxc6 5.d3 Bg7 6.h3 Nh6 7.g4 f6 8.Nc3 Nf7
9.e5 f5 10.g5 Nxe5 11.Nxe5 Bxe5 12.Qe2 Bg7 13.Bd2 e5 14.O-O-O Be6 15.f4 Qa5
16.fxe5 b5 17.d4 cxd4 18.Ne4 Qxa2 19.Nd6+ Kd7 20.Bb4 Qa1+ 21.Kd2 Qxb2 22.Rb1 Qa2
23.Nxb5 Qd5 24.Nc7 Kxc7 25.Bd6+ Kd8 26.Qa6 Bxe5 27.Bxe5 Qxe5 28.Qb7 Rc8 29.Rhe1 Qf4+
30.Kd3 Qg3+ 31.Kd2 Qxg5+ 32.Kd3 Re8 33.Qxa7 Qg3+ 34.Kd2 Qf4+ 35.Kd3 Bd5 36.Qa5+ Qc7
37.Qxc7+ Kxc7  0-1

[Event "Gibraltar Masters 2019"]
[Site "Caleta ENG"]
[Date "2019.01.22"]
[Round "1.20"]
[White "Eljanov,P"]
[Black "Lane,G"]
[Result "1-0"]
[WhiteElo "2680"]
[BlackElo "2358"]

1.d4 f5 2.g3 Nf6 3.Bg2 g6 4.Nf3 Bg7 5.O-O O-O 6.c4 d6 7.Nc3 Nc6 8.d5 Ne5
9.Nxe5 dxe5 10.Qb3 h6 11.a4 g5 12.a5 a6 13.Be3 Qe8 14.Bc5 Qf7 15.Qa3 Re8
16.e3 g4 17.Rad1 Rb8 18.Rfe1 Nd7 19.Bb4 e4 20.Ne2 Ne5 21.Qb3 Nf3+ 22.Bxf3 gxf3
23.Nf4 e5 24.dxe6 Bxe6 25.Bc3 Bxc4 26.Qa3 Bf8 27.b4 Rbd8 28.Ba1 Bd6 29.Qc3 Kh7
30.Rd4 Bb5 31.Red1 Be5 32.Rxd8 Bxc3 33.Bxc3 Bd3 34.Rd4 Re7 35.Nxd3 Qb3 36.Nf4  1-0

[Event "Gibraltar Masters 2019"]
[Site "Caleta ENG"]
[Date "2019.01.22"]
[Round "1.19"]
[White "Quillan,G"]
[Black "Grandelius,N"]
[Result "0-1"]
[WhiteElo "2364"]
[BlackElo "2682"]

1.e4 c6 2.d4 d5 3.exd5 cxd5 4.c4 Nf6 5.Nc3 g6 6.Qb3 Bg7 7.cxd5 O-O 8.Be2 Nbd7
9.Bf3 Nb6 10.Nge2 a5 11.O-O a4 12.Qb5 Bd7 13.Qb4 Bg4 14.Bxg4 Nxg4 15.Qb5 Nf6
16.Nf4 Qd6 17.Re1 Rfc8 18.a3 Nc4 19.Nd3 Qd8 20.Bf4 b6 21.Ne5 Ra5 22.Qb4 Nxd5
23.Nxd5 Rxd5 24.Nxc4 Rxd4 25.Rac1 Rxf4 26.Qxb6 Qxb6 27.Nxb6 Rxc1 28.Rxc1 Bxb2
29.Rc8+ Kg7 30.g3 Rd4 31.Nc4 Rd1+ 32.Kg2 Rc1 33.Nb6 Rxc8 34.Nxc8 Bxa3 35.Nb6 Bc5
36.Nxa4 Bd4 37.f4 f5 38.Kf3 Kf6  0-1

[Event "Gibraltar Masters 2019"]
[Site "Caleta ENG"]
[Date "2019.01.22"]
[Round "1.18"]
[White "Howell,D"]
[Black "Galinsky,T"]
[Result "1-0"]
[WhiteElo "2685"]
[BlackElo "2365"]

1.e4 e6 2.d4 d5 3.Nd2 Nf6 4.e5 Ng8 5.c3 c5 6.Bd3 Nc6 7.Ne2 Qb6 8.Nf3 Bd7
9.O-O Nge7 10.dxc5 Qc7 11.Bf4 Ng6 12.Bxg6 hxg6 13.b4 g5 14.Nxg5 Nxe5 15.Nd4 Be7
16.Re1 Bxg5 17.Bxe5 Qd8 18.Bxg7 Rh7 19.Be5 f6 20.Qd3 Rh6 21.Bd6 Kf7 22.f4 Bh4
23.Re3 f5 24.Rh3 Qh8 25.Nf3 Bf6 26.Rxh6 Qxh6 27.Be5 Be7 28.Qe3 Rg8 29.Bd4 Ba4
30.Qd2 Ke8 31.Re1 a6 32.g3 Rg6 33.Ng5 Bd7 34.h4 Ba4 35.Kf2 Bd7 36.Qe3 Qh5
37.Qe5 Bxg5 38.fxg5  1-0

[Event "Gibraltar Masters 2019"]
[Site "Caleta ENG"]
[Date "2019.01.22"]
[Round "1.17"]
[White "Rahul,Srivatshav P"]
[Black "Adhiban,Baskaran"]
[Result "0-1"]
[WhiteElo "2370"]
[BlackElo "2689"]

1.d4 g6 2.c4 Bg7 3.Nc3 d6 4.e4 c5 5.d5 e6 6.Bd3 Ne7 7.Nge2 exd5 8.exd5 Nd7
9.Ng3 Ne5 10.Be2 h5 11.h3 Nf5 12.Nge4 O-O 13.O-O Re8 14.Re1 Nd4 15.Bg5 f6
16.Be3 Nf7 17.Qd2 f5 18.Ng3 Qh4 19.Bf1 Bd7 20.Nce2 Kh7 21.Rad1 Nxe2+ 22.Bxe2 Rxe3
23.Qxe3 f4 24.Qb3 fxg3 25.fxg3 Qd8 26.Bd3 Ne5 27.Be4 Rb8 28.Qc2 b5 29.cxb5 Rxb5
30.b3 a5 31.Kh1 Rb4 32.Rb1 Qg5 33.Qf2 Bf5 34.Bxf5 Qxf5 35.Qxf5 gxf5 36.Red1 Nd7
37.Re1 Be5 38.Re3 Nf6 39.Rf3 Ne4  0-1

[Event "Gibraltar Masters 2019"]
[Site "Caleta ENG"]
[Date "2019.01.22"]
[Round "1.16"]
[White "Saric,Iv"]
[Black "Krishna Teja,N"]
[Result "1-0"]
[WhiteElo "2690"]
[BlackElo "2371"]

1.e4 c6 2.d4 d5 3.Nc3 dxe4 4.Nxe4 Bf5 5.Ng3 Bg6 6.h4 h6 7.Nf3 e6 8.Ne5 Bh7
9.Bd3 Bxd3 10.Qxd3 Nd7 11.Bf4 Ngf6 12.O-O-O Nxe5 13.Bxe5 Be7 14.Kb1 Qa5 15.Nf1 Ng4
16.Bg3 h5 17.f3 Nh6 18.Ne3 O-O-O 19.Rhe1 Bf6 20.c3 Rd7 21.Qe4 Nf5 22.Nxf5 Qxf5
23.Qxf5 exf5 24.a4 f4 25.Bf2 Rh6 26.Re8+ Bd8 27.Rd2 Rg6 28.Be1 Re7 29.Rxe7 Bxe7
30.Kc2 Re6 31.Kd1 Kd7 32.d5 cxd5 33.Rxd5+ Rd6 34.Rxd6+ Kxd6 35.Kc2 Kd5 36.Kd3 Bc5
37.b4 Bg1 38.c4+ Ke6 39.Ke4 Be3 40.Bc3 f5+ 41.Kd3 Bf2 42.Bxg7 Bxh4 43.Bd4 a6
44.Ba7 Be7 45.b5 Ba3 46.Bb8 Bc1 47.Kc3 Be3 48.Kc2 Kf6 49.Kd3 Ke6 50.Kc3 Kd7
51.Kb4 h4 52.c5 axb5 53.axb5 Ke6 54.Kc4 Bc1 55.c6 b6 56.Be5 Be3 57.Bc7  1-0

[Event "Gibraltar Masters 2019"]
[Site "Caleta ENG"]
[Date "2019.01.22"]
[Round "1.15"]
[White "Lombaers,P"]
[Black "Jones,G"]
[Result "0-1"]
[WhiteElo "2372"]
[BlackElo "2691"]

1.c4 g6 2.g3 Bg7 3.Bg2 c5 4.Nc3 d6 5.a3 Nc6 6.Rb1 e6 7.b4 Nge7 8.e3 Ne5 9.Qe2 d5
10.cxd5 c4 11.d6 Nd3+ 12.Kf1 Qxd6 13.Nf3 Bd7 14.Ne1 Bc6 15.Ne4 Qe5 16.Nxd3 cxd3
17.Qxd3 Rd8 18.Qc2 Bb5+ 19.Kg1 Bd3 20.Qb2 Qh5 21.Qb3 O-O 22.Nc5 Bxb1 23.Qxb1 Qd1+
24.Bf1 Rxd2 25.Kg2 Nf5  0-1

[Event "Gibraltar Masters 2019"]
[Site "Caleta ENG"]
[Date "2019.01.22"]
[Round "1.14"]
[White "Cheparinov,I"]
[Black "Arakhamia-Grant,K"]
[Result "1-0"]
[WhiteElo "2691"]
[BlackElo "2372"]

1.d4 d5 2.Nf3 Nf6 3.c4 e6 4.g3 Bb4+ 5.Nbd2 O-O 6.Bg2 b6 7.O-O Bb7 8.b3 Nbd7
9.Bb2 Re8 10.Ne5 Rc8 11.Rc1 Qe7 12.cxd5 exd5 13.a3 Bxa3 14.Bxa3 Qxa3 15.Ra1 Qe7
16.Rxa7 Rb8 17.Ndf3 c5 18.Qd3 Nxe5 19.Nxe5 Ra8 20.Rfa1 Rxa7 21.Rxa7 cxd4
22.Qxd4 Qxe5 23.Qxe5 Rxe5 24.Rxb7 Kf8 25.Kf1 Re6 26.Ke1 g5 27.Kd2 h5 28.b4 Kg7
29.Kd3 Kg6 30.e3 Ne4 31.Kd4 Nxf2 32.Bxd5 Rf6 33.e4 Ng4 34.e5 Rf1 35.Be4+ Kg7
36.e6 Rd1+ 37.Kc3 Kf8 38.e7+  1-0

[Event "Gibraltar Masters 2019"]
[Site "Caleta ENG"]
[Date "2019.01.22"]
[Round "1.11"]
[White "Hedman,E"]
[Black "Artemiev,V"]
[Result "0-1"]
[WhiteElo "2378"]
[BlackElo "2709"]

1.d4 Nf6 2.c4 g6 3.Nf3 Bg7 4.Nc3 d5 5.cxd5 Nxd5 6.e4 Nxc3 7.bxc3 c5 8.Rb1 O-O
9.Be2 b6 10.O-O Qc7 11.Bg5 e6 12.Qd2 Bb7 13.Qe3 Nd7 14.e5 Rfc8 15.Nd2 cxd4
16.cxd4 Qc3 17.Qf4 Qc2 18.Rb3 Bd5 19.Rh3 Qxa2 20.Bd3 Rc7 21.Bb1 Qb2 22.Ne4 Bxe4
23.Bxe4 Rac8 24.Rf3 Nf8 25.Rd1 h6 26.Bxh6 Bxh6 27.Qxh6 Rc1 28.Rd3 Qb1 29.Bf3 Qxd3
30.Rxc1 Rxc1+ 31.Qxc1 Qxd4  0-1

[Event "Gibraltar Masters 2019"]
[Site "Caleta ENG"]
[Date "2019.01.22"]
[Round "1.112"]
[White "Avila Fraire,Ameyalli"]
[Black "Danielian,E"]
[Result "1/2-1/2"]
[WhiteElo "1994"]
[BlackElo "2427"]

1.e4 d6 2.d4 Nf6 3.Nc3 g6 4.Bg5 Bg7 5.Qd2 h6 6.Bh4 Nbd7 7.O-O-O g5 8.Bg3 Nh5
9.Nge2 c5 10.h4 Nxg3 11.Nxg3 cxd4 12.Nb5 g4 13.Nxd4 Qb6 14.Ngf5 Be5 15.Ne3 Nf6
16.Nc4 Qxd4 17.Qxd4 Bxd4 18.Rxd4 Be6 19.e5 dxe5 20.Nxe5 Rc8 21.Bb5+ Kf8 22.Nd7+ Bxd7
23.Bxd7 Rd8 24.Rhd1 e6 25.Bb5 Rxd4 26.Rxd4 Ke7 27.Be2 h5 28.Ra4 a6 29.Rb4 b5
30.c4 Rc8 31.Kd2 Rd8+ 32.Ke1 Rd4 33.a3 bxc4 34.Bxc4 a5 35.Rb7+ Kf8 36.Bb5 Re4+
37.Kf1 Re5 38.Bc6 Rc5 39.Rb6 Nd5 40.Bxd5 Rxd5 41.Ke2 Kg7 42.Ke3 Kf6 43.Rb7 Re5+
44.Kd3 Rf5 45.Ke3 Rd5 46.Ke4 Rd2 47.Ke3 Rd5 48.b4 axb4 49.axb4 Re5+ 50.Kd3 Rf5
51.Ke3 Re5+ 52.Kd3 Rf5  1/2-1/2

[Event "Gibraltar Masters 2019"]
[Site "Caleta ENG"]
[Date "2019.01.22"]
[Round "1.24"]
[White "Akobian,V"]
[Black "Taboas Rodriguez,D"]
[Result "1-0"]
[WhiteElo "2643"]
[BlackElo "2357"]

1.d4 Nf6 2.c4 g6 3.Nc3 Bg7 4.Nf3 O-O 5.e4 d6 6.h3 e5 7.d5 Nh5 8.g3 f5 9.exf5 gxf5
10.Nh4 Nf4 11.Bd2 Na6 12.a3 Nc5 13.Qc2 a5 14.O-O-O a4 15.Kb1 Ng6 16.Nxg6 hxg6
17.Be3 Nb3 18.f4 Bd7 19.h4 Qe7 20.Re1 Rae8 21.Bd3 exf4 22.gxf4 Qxe3 23.Rxe3 Rxe3
24.Qd1 Rfe8 25.Bc2 b6 26.Rg1 Nd4 27.Bxa4 Bxa4 28.Qxa4 Ne2 29.Nxe2 Rxe2 30.Rg2 Kh7
31.Rxe2 Rxe2 32.b4 Rb2+ 33.Kc1 Rf2 34.Qd7 Rxf4 35.Qxc7 Rxh4 36.Kd2 g5 37.Qxd6 Rxc4
38.Qe6 Rd4+ 39.Kc2 f4 40.d6 f3 41.d7 b5 42.Qf5+ Kg8 43.Qxf3 Rxd7 44.Qc6 Ra7
45.Kb3 Rf7 46.Qxb5 g4 47.Qg5 Rf3+ 48.Ka4 g3 49.b5  1-0

[Event "Gibraltar Masters 2019"]
[Site "Caleta ENG"]
[Date "2019.01.23"]
[Round "2.82"]
[White "Guichard,P"]
[Black "Pinho,P"]
[Result "1-0"]
[WhiteElo "2378"]
[BlackElo "2205"]

1.Nf3 Nf6 2.c4 g6 3.b3 Bg7 4.Bb2 O-O 5.g3 b6 6.Bg2 Bb7 7.O-O c5 8.d4 Ne4
9.Qc1 cxd4 10.Bxd4 Nxg3 11.hxg3 Bxf3 12.Bxg7 Bxg2 13.Kxg2 Kxg7 14.Rh1 Rh8
15.Qh6+ Kg8 16.Nc3 Nc6 17.Rh4 Qc7 18.Rah1 Qe5 19.Qd2 Rd8 20.Re4 Qf5 21.Qe3 Qc5
22.Qh6 e6 23.Reh4 d5 24.Rc1 Qd6 25.cxd5 exd5 26.Nb5 Qd7 27.e3 Ne7 28.Nd4 Rc8
29.Rhh1 Rc5 30.b4 Rc4 31.b5 f6 32.Rcd1 Kf7 33.Rd2 Qb7 34.Nc6 d4 35.exd4 Nf5
36.Qf4 a6 37.Qf3 Kg7 38.d5 axb5 39.g4 Nh6 40.Re2 Qc8 41.Re7+ Nf7 42.Re6 f5
43.gxf5 Ng5 44.Qg3 Nxe6 45.Qe5+ Kg8 46.Ne7+ Kf7 47.fxe6+  1-0

[Event "Gibraltar Masters 2019"]
[Site "Caleta ENG"]
[Date "2019.01.23"]
[Round "2.43"]
[White "Ladron de Guevara Pinto,P"]
[Black "Moroni,L"]
[Result "1-0"]
[WhiteElo "2418"]
[BlackElo "2562"]

1.e4 e5 2.Nf3 Nc6 3.d4 exd4 4.Nxd4 Bc5 5.Nb3 Bb6 6.Nc3 Nf6 7.Qe2 O-O 8.Be3 Re8
9.f3 Bxe3 10.Qxe3 a5 11.a3 d6 12.O-O-O Be6 13.Nd4 Nxd4 14.Qxd4 Qe7 15.g4 Red8
16.g5 Ne8 17.f4 c6 18.h4 b5 19.f5 Bd7 20.Rh2 b4 21.Nb1 d5 22.f6 gxf6 23.exd5 cxd5
24.Re2 Be6 25.Bh3 Ra6 26.Rg1 Kh8 27.gxf6 Qd7 28.Bxe6 Rxe6 29.Qg4  1-0

[Event "Gibraltar Masters 2019"]
[Site "Caleta ENG"]
[Date "2019.01.23"]
[Round "2.42"]
[White "Vazquez Igarza,R"]
[Black "Solozhenkin,E"]
[Result "1-0"]
[WhiteElo "2567"]
[BlackElo "2427"]

1.Nf3 Nf6 2.d4 e6 3.c4 b6 4.g3 Ba6 5.Qa4 Bb7 6.Bg2 c5 7.dxc5 Bxc5 8.O-O O-O
9.Nc3 Be7 10.Bf4 Na6 11.Rad1 Nc5 12.Qc2 Qc8 13.Rd4 d5 14.Ne5 dxc4 15.Nxc4 Bxg2
16.Kxg2 Qc6+ 17.f3 Rfd8 18.Rfd1 Rxd4 19.Rxd4 Rd8 20.Rxd8+ Bxd8 21.Ne5 Qb7
22.Nb5 Qd5 23.Qd2 a6 24.Nd6 Bc7 25.Ndxf7 Qxa2 26.e4 Na4 27.Nd8 Qxb2 28.Qxb2 Nxb2
29.Nxe6 Bd6 30.Kf1 Nh5 31.Nc6 Nxf4 32.gxf4 g6 33.e5 Ba3 34.Ke2 Na4 35.Nc7 a5
36.Kd3 Kf7 37.Kc4 Bf8 38.e6+ Kf6 39.e7 Bxe7 40.Nd5+ Ke6 41.Ncxe7 Nb2+ 42.Kc3 Nd1+
43.Kd4 a4 44.f5+ gxf5 45.Nc6 b5 46.Na7 a3 47.Nb4 Kf6 48.Nxb5 Kg5 49.Kd3 Nb2+
50.Ke2 Kh4 51.Nxa3 Kh3 52.Nac2 Kxh2 53.Nd4 Nc4 54.Nd5 Ne5 55.Nxf5 h5 56.Nf4 h4
57.Kf2 h3 58.Ne3 Kh1 59.Nf1 Nxf3 60.Ne2  1-0

[Event "Gibraltar Masters 2019"]
[Site "Caleta ENG"]
[Date "2019.01.23"]
[Round "2.93"]
[White "Belenkaya,D"]
[Black "Pakosta,M"]
[Result "1-0"]
[WhiteElo "2357"]
[BlackElo "2166"]

1.e4 d6 2.d4 Nf6 3.Nc3 g6 4.Nf3 Bg7 5.Be2 O-O 6.O-O c5 7.d5 a6 8.a4 Bg4 9.h3 Bxf3
10.Bxf3 Nbd7 11.Be2 Qc7 12.a5 b5 13.axb6 Qxb6 14.Ra4 Ne8 15.Qd3 Nc7 16.Nd1 Qb5
17.b3 Qxd3 18.Bxd3 Rfb8 19.Bd2 e6 20.dxe6 fxe6 21.Ne3 d5 22.Ba5 Nb6 23.Ra2 Bd4
24.Rd1 Bxe3 25.fxe3 Ne8 26.exd5 exd5 27.Be2 c4 28.b4 Nf6 29.c3 Ra7 30.Bf3 Re7
31.Re2 Na4 32.Rc1 Rbb7 33.Bd8 Kf7 34.Bxe7 Rxe7 35.Ra2 Nb6 36.Rxa6 Nbd7 37.b5 Nc5
38.Rc6 Nb3 39.Rd1 Na5 40.Ra6 Nb7 41.Bxd5+ Nxd5 42.Rxd5 Rc7 43.Ra7 Ke6 44.e4 Rf7
45.b6 h6 46.Rd4  1-0

[Event "Gibraltar Masters 2019"]
[Site "Caleta ENG"]
[Date "2019.01.23"]
[Round "2.11"]
[White "Gunina,V"]
[Black "Cheparinov,I"]
[Result "0-1"]
[WhiteElo "2501"]
[BlackElo "2691"]

1.d4 Nf6 2.c4 g6 3.Nc3 Bg7 4.Nf3 O-O 5.e4 d6 6.Be2 e5 7.O-O Nc6 8.Be3 Ng4
9.Bg5 f6 10.Bh4 Nh6 11.Qd2 Nf7 12.d5 Ne7 13.Ne1 f5 14.exf5 gxf5 15.f4 Qe8
16.Nb5 Qd7 17.fxe5 dxe5 18.Nd3 b6 19.Rae1 Ng6 20.Bf2 a6 21.Nc3 Bh6 22.Qc2 e4
23.Nb4 e3 24.Bg3 f4 25.Nc6 Nd6 26.Bd3 Qg7 27.b4 Bd7 28.c5 bxc5 29.bxc5 Nf5
30.Ne2 fxg3 31.Bxf5 gxh2+ 32.Kh1 Bxc6 33.dxc6 Kh8 34.Qc4 Rad8 35.Qe4 Rde8
36.Qg4 Ne5 37.Qxg7+ Bxg7 38.Ng3 Bh6 39.Kxh2 Rd8 40.Ne2 Nxc6 41.g4 Nd4 42.Nxd4 Rxd4
43.Kg3 Bg5 44.Re2 Kg7 45.c6 Rf6 46.Rh2 h6 47.Kf3 Rxc6 48.Rb1 Rd2 49.Rhh1 Rc4
50.Rhf1 Rf4+ 51.Kg3 Rdf2 52.Rxf2 Rxf2  0-1

[Event "Gibraltar Masters 2019"]
[Site "Caleta ENG"]
[Date "2019.01.23"]
[Round "2.12"]
[White "Jones,G"]
[Black "Sprenger,J"]
[Result "1-0"]
[WhiteElo "2691"]
[BlackElo "2498"]

1.e4 c5 2.Nf3 Nc6 3.Bb5 d6 4.Bxc6+ bxc6 5.O-O e5 6.c3 Bg4 7.d4 cxd4 8.cxd4 Bxf3
9.Qxf3 exd4 10.e5 d5 11.Qg4 Qd7 12.Qxd4 Ne7 13.Re1 Nf5 14.Qg4 Be7 15.Bg5 h5
16.Qf4 Bxg5 17.Qxg5 Nd4 18.Nd2 Qg4 19.Qe3 Ne6 20.Rac1 c5 21.Rxc5 d4 22.Qa3 O-O
23.Rc4 Rac8 24.Qg3 Qf5 25.Rec1 Rxc4 26.Nxc4 Rc8 27.b3 Qe4 28.Qf3 Qxf3 29.gxf3 Nf4
30.Kf1 Rc6 31.Re1 g5 32.h4 Kg7 33.Re4 d3 34.hxg5 d2 35.Rd4 h4 36.Rxd2 h3
37.Kg1 Rg6 38.Kh2 Rxg5 39.Ne3 Rxe5 40.Rd4 Ne6 41.Rd5 Ng5 42.f4 Rxd5 43.Nxd5 Ne4
44.Kxh3 Nxf2+ 45.Kg3 Nd3 46.Kf3 Kg6 47.Ke3 Nc5 48.b4 Nb7 49.Ke4 a5 50.bxa5 Nxa5
51.Ke5 Nc4+ 52.Kd4 Na3 53.Ne3 Nb5+ 54.Kc4 Nd6+ 55.Kc5 Ne4+ 56.Kc6 Nc3 57.a3 Kh5
58.Nd5 Ne2 59.Kc5 Kg4 60.a4 Nxf4 61.Nxf4 Kxf4 62.a5 f5 63.a6 Ke3 64.a7  1-0

[Event "Gibraltar Masters 2019"]
[Site "Caleta ENG"]
[Date "2019.01.23"]
[Round "2.13"]
[White "Krysa,L"]
[Black "Saric,Iv"]
[Result "0-1"]
[WhiteElo "2499"]
[BlackElo "2690"]

1.d4 Nf6 2.c4 e6 3.Nf3 d5 4.Nc3 a6 5.cxd5 exd5 6.Bg5 Be6 7.e3 Nbd7 8.h3 h6
9.Bf4 Bf5 10.Qb3 Nb6 11.Be2 c6 12.O-O Be7 13.Ne5 O-O 14.Rac1 a5 15.a4 Ra7
16.Bh2 Nbd7 17.Rfd1 Nxe5 18.Bxe5 Re8 19.Bd3 Bxd3 20.Rxd3 Bd6 21.Bxd6 Qxd6
22.Ne2 h5 23.Qa3 Qd7 24.Nc3 Re6 25.b4 axb4 26.Qxb4 Ne8 27.a5 Nd6 28.Ne2 h4
29.Ra3 Re8 30.Nf4 Nc4 31.Ra2 Rea8 32.e4 b5 33.exd5 Qf5 34.Ne2 Qxd5 35.Rca1 Ra6
36.Qe7 Qd8 37.Qxd8+ Rxd8 38.f3 Rda8 39.d5 cxd5 40.Nd4 Rxa5 41.Rxa5 Rxa5 42.Rxa5 Nxa5
43.Nxb5 Nc6 44.Kf2 Kh7 45.Ke3 Kg6 46.Nc7 Ne7 47.Kf4 Kh5 48.Ke5 Kg5 49.f4+ Kg6
50.Kd6 Kf6 51.Ne8+ Kf5 52.Kxe7 d4 53.Kxf7 d3 54.Nc7 Kxf4 55.Kg6 d2 56.Nd5+ Kg3
57.Ne3 Kf2 58.Ng4+ Ke2  0-1

[Event "Gibraltar Masters 2019"]
[Site "Caleta ENG"]
[Date "2019.01.23"]
[Round "2.14"]
[White "Adhiban,Baskaran"]
[Black "Ubilava,E"]
[Result "1/2-1/2"]
[WhiteElo "2689"]
[BlackElo "2495"]

1.e4 e5 2.Nf3 Nc6 3.Bb5 Nf6 4.d3 d6 5.O-O Be7 6.c3 O-O 7.Re1 Bg4 8.h3 Bh5
9.Nbd2 Nd7 10.Nf1 a6 11.Ba4 b5 12.Bc2 Bg6 13.Ng3 Nb6 14.Be3 Rb8 15.Qe2 b4
16.Rad1 bxc3 17.bxc3 a5 18.d4 exd4 19.Nxd4 Nxd4 20.Bxd4 Re8 21.f4 Bh4 22.Qf3 f6
23.Bb3+ Kh8 24.Kh2 Bxg3+ 25.Kxg3 Qe7 26.Bc2 Nc4 27.Kh2 c5 28.Bf2 Rb2 29.Bb3 Nb6
30.f5 Bh5 31.Qxh5 Rxf2 32.Be6 Rd8 33.Qh4 Rb2 34.Qg3 Na8 35.Rb1 Rdb8 36.Rxb2 Rxb2
37.Bb3 a4 38.Bxa4 Rxa2 39.Bc6 Ra6 40.Rb1 Rb6 41.Ra1 Nc7 42.Bd5 Qe8 43.h4 Qb8
44.Bc4 Qe8 45.Ra7 Qb8 46.Ra1 Qe8 47.Ra7 Qb8 48.Ra5 Qe8 49.e5 dxe5 50.Rxc5 Qe7
51.Ra5 Rb8 52.Qe3 Ra8 53.Rxa8+ Nxa8 54.Qe4 Nc7 55.Bb3 Qd8 56.Qc4 h6 57.Kg3 Qb8
58.Kh3 Kh7 59.Ba2 Qc8 60.Kh2 Qa8 61.Bb3 Qb8 62.Kg1 Na6 63.Ba2 Nc7 64.Kf1 Nb5
65.Qb4 Qa7 66.Qc4  1/2-1/2

[Event "Gibraltar Masters 2019"]
[Site "Caleta ENG"]
[Date "2019.01.23"]
[Round "2.15"]
[White "Sosa,T ARG"]
[Black "Howell,D"]
[Result "1/2-1/2"]
[WhiteElo "2499"]
[BlackElo "2685"]

1.e4 c6 2.d4 d5 3.e5 Bf5 4.Be3 e6 5.Nd2 Nd7 6.c3 c5 7.dxc5 Bxc5 8.Bxc5 Nxc5
9.Nb3 Qb6 10.Qd4 Rc8 11.Nf3 Ne7 12.Nxc5 Rxc5 13.b4 Rc8 14.Qxb6 axb6 15.Bb5+ Kf8
16.Nd4 Bg6 17.a4 Nf5 18.Nxf5 Bxf5 19.Kd2 Ke7 20.a5 bxa5 21.Rxa5 f6 22.exf6+ gxf6
23.Rha1 Kd6 24.Bf1 Rc6 25.Ra8 Rhc8 26.Rxc8 Rxc8 27.Ra5 Rg8 28.f3 h5 29.g3 e5
30.Rb5 Kc6 31.Rc5+ Kd6 32.Rb5 Kc6 33.Rc5+ Kd6  1/2-1/2